Ex’s & Oh’s - Elle King - All Lyrics - Statistics

General Stats
  • This quiz has been taken 84 times
  • The average score is 288 of 347
Answer Stats
Answer % Correct
a
100%
And
100%
and
100%
Ex's
100%
ex's
100%
Ex’s
100%
hey-hey
100%
oh,
100%
oh
100%
oh's
100%
woah
100%
the
98%
me
97%
they
97%
They
97%
to
97%
go
95%
go,
95%
I
95%
want
92%
let
90%
my
89%
my,
89%
My
89%
like
87%
never
87%
that
85%
gonna
84%
in
84%
wanna
84%
won't
84%
back
82%
one
82%
One,
82%
run
82%
three,
82%
two,
82%
but
80%
come,
80%
leave
80%
always
79%
love
79%
then
79%
haunt
77%
him
77%
I'm
77%
by
75%
'Cause
75%
‘Cause
75%
make
75%
boy,
74%
he
74%
get
72%
baby
70%
man
70%
all
69%
best
69%
getaway
67%
ghosts
67%
UK,
66%
found
64%
How
64%
how
64%
gotta
62%
had
62%
That’s
62%
you
62%
into
61%
keep
61%
showed
61%
turned
61%
didn't
59%
lover
59%
things
59%
'em
57%
know
57%
New
57%
down
56%
goes
56%
So
56%
story
56%
understand,
56%
better
54%
Orleans
54%
seas
54%
seasons
54%
been
52%
left
52%
high
51%
low
51%
made
51%
spring,
51%
warm
51%
who's
51%
name
49%
winter,
49%
Now
48%
California
46%
cursin'
46%
just
46%
Well,
46%
frozen
44%
Kept
44%
hearts
43%
over
41%
breaking
39%
Until
39%
heads
38%
roll,
38%
there's
38%
mountains
34%
a-sailing
33%
Climbing
33%
summer
33%
No matching quizzes found
Score Distribution
Percent of People with Each Score
Percentile by Number Answered
Your Score History
You have not taken this quiz